Obchod Slovenska so štátmi Beneluxu a Švajčiarskom Slovak trade forum
Gespeichert in:
| Format: | Buch |
|---|---|
| Sprache: | Slowakisch Englisch |
| Veröffentlicht: |
Bratislava
Media plus
[1999]
|
| Schlagworte: | |
| Tags: |
Keine Tags, Fügen Sie das erste Tag hinzu!
|
MARC
| LEADER | 00000nam a2200000 4500 | ||
|---|---|---|---|
| 001 | c119661 | ||
| 005 | 20240104100939.6 | ||
| 022 | |a 1335-3462 | ||
| 041 | 0 | |a slo | |
| 041 | 0 | |a eng | |
| 044 | |a SK | ||
| 245 | 1 | 0 | |a Obchod Slovenska so štátmi Beneluxu a Švajčiarskom |b Slovak trade forum |
| 264 | 1 | |a Bratislava |b Media plus |c [1999] | |
| 300 | |a 104 s. | ||
| 610 | 2 | 0 | |a obchod zahraničný |
| 610 | 2 | 0 | |a Slovensko |
| 610 | 2 | 0 | |a Švajčiarsko |
| 610 | 2 | 0 | |a Holandsko |
| 610 | 2 | 0 | |a Belgicko |
| 610 | 2 | 0 | |a Luxembursko |
| 610 | 2 | 0 | |a marketing |
| 610 | 2 | 0 | |a banky |
| 610 | 2 | 0 | |a financie |
| 610 | 2 | 0 | |a politika bytová |
| 610 | 2 | 0 | |a reklama |
| 610 | 2 | 0 | |a kooperácia |
| 610 | 2 | 0 | |a kooperácia hospodárska medzinárodná |